书目信息 |
| 题名: |
一步到位
|
|
| 作者: | 博雅 主编 | |
| 分册: | 出口成章超级词霸 | |
| 出版信息: | 北京 中国社会出版社 2017.11 |
|
| 页数: | 140页 | |
| 开本: | 29cm | |
| 丛书名: | ||
| 单 册: | ||
| 中图分类: | G634.303 | |
| 科图分类: | ||
| 主题词: | 汉语--成语--中小学--教学参考资料 | |
| 电子资源: | ||
| ISBN: | 978-7-5087-5827-5 | |
| 000 | 00607nam0 2200217 45 | |
| 001 | 012001003496 | |
| 005 | 20131013132138.0 | |
| 010 | @a978-7-5087-5827-5@dCNY35.00 | |
| 100 | @a20180612d2018 em y0chiy50 ea | |
| 101 | 0 | @achi |
| 102 | @aCN@b110000 | |
| 105 | @ay z 000yy | |
| 106 | @ar | |
| 200 | 1 | @a一步到位@Ayi bu dao wei@i出口成章超级词霸@f博雅主编 |
| 210 | @a北京@c中国社会出版社@d2017.11 | |
| 215 | @a140页@d29cm | |
| 606 | 0 | @a汉语@x成语@x中小学@j教学参考资料 |
| 690 | @aG634.303@v5 | |
| 701 | 0 | @a博雅@Abo ya@4主编 |
| 801 | @b江苏凤凰@c20191020 | |
| 905 | @b1233098-103@dG634.303@e1534@f6 | |
| 一步到位.出口成章超级词霸/博雅主编.-北京:中国社会出版社,2017.11 |
| 140页;29cm |
| ISBN 978-7-5087-5827-5:CNY35.00 |
| ● |
| 相关链接 |
|
|
|
|
正题名:一步到位
索取号:G634.303/1534
 
预约/预借
| 序号 | 登录号 | 条形码 | 馆藏地/架位号 | 状态 | 备注 |
| 1 | 1233098 | 212330985 | 第一样本阅览室/ [索取号:G634.303/1534] | 在馆 | |
| 2 | 1233099 | 212330994 | 教育系资料室/ [索取号:G634.303/1534] | 在馆 | |
| 3 | 1233100 | 212331001 | 教育系资料室/ [索取号:G634.303/1534] | 在馆 | |
| 4 | 1233101 | 212331010 | 教育系资料室/ [索取号:G634.303/1534] | 在馆 | |
| 5 | 1233102 | 212331029 | 第四借阅区/ [索取号:G634.303/1534] | 在馆 | |
| 6 | 1233103 | 212331038 | 第四借阅区/ [索取号:G634.303/1534] | 在馆 |